000 01196njm a2200289Ia 4500
001 C8662
003 IT-RoPAU
005 20220918181131.0
008 131025s9999 xx 000 0 und d
040 _aIT-RoPAU
040 _cIT-RoPAU
999 _c100644
_d100644
999 _bn.d.
100 _aLa Reverdie
_930410
100 _eAutore musica
_930411
100 _gCodice autore musica SPICS: 43104
_930412
245 _aLaude di Santa Maria
250 _a1a ed.
260 _aGERMANIA
260 _bARCANA
_c1994 [1a Ed.:1994 - Ed. Lingua Orig.: 1994]
300 _aCOMPACT DISC
300 _c73 minuti (Testo: 0 pag.)
500 _aMusica religiosa.
505 _aVenite a laudare - Ave Maria (antifona) - Verbum Patris hodie - Dio ti salvi regina - Voi ch'amate - Or piangiamo - Dulcis Jesu memoria Jesu nostra redemptio - Onne homo - Diana stella - Chi vuol lo mondo - Troppo perde 'l tempo - Ortorum virentium virga Yesse - Con la madre - Ave Maris stella - Ave donna sanctissima - Assumpta est Maria - Ave regina gloriosa
650 _aRELIGIOSO [COMPACT DISC]
_eCodice MATERIA SPICS: 9949
_914031
700 _aLa Reverdie
_gCodice interprete SPICS: 43104
_eInterprete
_930413
942 _cCD
_2ddc